000 00459nam a22001937a 4500
003 LK-CoDNM
005 20250107150650.0
008 250107b |||||||| |||| 00| 0 eng d
040 _aLK-CoDNM
_dLK-CoDNM
_eLK-CoDNM
041 _aeng
080 _a4
_bG29
100 _aFletcher,Joan
245 _aToads and Toad Life
260 _aLondon
_bMethuen & Co
_c1934
300 _axii, 192p ; 23 cm
650 _aScience
650 _a4 G29
942 _cBK
999 _c235344
_d235344